00813 2200265 4500001002100000005001700021008004100038020002200079035002500101082000800126090001500134100001800149245015500167250001100322260003800333300003800371500003000409500001100439650001500450700001900465850001200484999001700496999001700513999001700530YOGYA-0209000007327420150820103316.0 ind  a978-979-8300-13-1 a0010-020900000073274 a370 a370bTil K aTILAAR, H.A.R aKebijakan pendidikan :bPengantar untuk memahami kebijakan pendidikan dan kebijakan pendidikan sebagai kebijakan publlikc/ H.A.R Tilaar,Riant Nugroho aCet. 1 aYogyakartabPustaka Pelajarc2008 axvii, 479 hlm. :bilus. ;c21 cm. aBibliografi : hlm.457-472 aIndeks aPendidikan aNugroho, Riant aYOPDYOG a2814-PD/P.08 a2815-PD/P.08 a2816-PD/P.08